<?xml version="1.0" encoding="UTF-8"?>
<marc:record xmlns:marc="http://www.loc.gov/MARC21/slim">
   <marc:leader>00000nam a2200000 a 4500</marc:leader>
   <marc:datafield ind1="1" ind2=" " tag="100">
      <marc:subfield code="a">Guadagnino, Luca [Regie]</marc:subfield>
      <marc:subfield code="4">aut</marc:subfield>
      <marc:subfield code="e">Verfasser/-in</marc:subfield>
   </marc:datafield>
   <marc:datafield ind1="1" ind2=" " tag="100">
      <marc:subfield code="a">Stuhlbarg, Michael</marc:subfield>
   </marc:datafield>
   <marc:datafield ind1="1" ind2=" " tag="100">
      <marc:subfield code="a">Chalamet, Timothee</marc:subfield>
   </marc:datafield>
   <marc:datafield ind1="1" ind2=" " tag="100">
      <marc:subfield code="a">Hammer, Armie</marc:subfield>
   </marc:datafield>
   <marc:datafield ind1="0" ind2="0" tag="245">
      <marc:subfield code="a">Call me by your name [Bildtonträger]</marc:subfield>
   </marc:datafield>
   <marc:datafield ind1="0" ind2="0" tag="245">
      <marc:subfield code="c">Ein Film von Luca Guadagnino. Mit Armie Hammer, Timothee Chalamet, Michael Stuhlgang</marc:subfield>
   </marc:datafield>
   <marc:datafield ind1=" " ind2="1" tag="264">
      <marc:subfield code="b">Sony Pictures Home Entertainment</marc:subfield>
      <marc:subfield code="c">2018</marc:subfield>
   </marc:datafield>
   <marc:datafield ind1="1" ind2=" " tag="520">
      <marc:subfield code="a">Angaben aus der Verlagsmeldung. Italien im Sommer 1983. Elio Perlman (Timothée Chalamet), ein frühreifer 17-Jähriger, verbringt den Sommer in der Villa seiner Familie und vertreibt sich die Zeit damit, Bücher zu lesen, klassische Musik zu hören und mit seiner Bekannten Marzia (Esther Garrel) zu flirten. Eines Tages taucht der charmante amerikanische Student Oliver (Armie Hammer) auf, der Elios Vater (Michael Stuhlbarg, einem angesehenen Professor, bei seinen Nachforschungen helfen soll. Elio und Oliver lassen sich von ihrem aufkeimenden Verlangen und dem Wunsch nach Nähe berauschen. Eine Erfahrung, die ihr Leben für immer verändern wird...</marc:subfield>
   </marc:datafield>
   <marc:datafield ind1=" " ind2=" " tag="020">
      <marc:subfield code="a">4030521752443</marc:subfield>
      <marc:subfield code="9">4030521752443</marc:subfield>
   </marc:datafield>
   <marc:datafield ind1=" " ind2=" " tag="500">
      <marc:subfield code="a">Untertitel. - Dt., Engl., Ital., Türk.</marc:subfield>
   </marc:datafield>
   <marc:datafield ind1="0" ind2=" " tag="490">
      <marc:subfield code="v">0</marc:subfield>
   </marc:datafield>
   <marc:datafield ind1=" " ind2=" " tag="300">
      <marc:subfield code="a">127' : 1 DVD</marc:subfield>
   </marc:datafield>
</marc:record>
